[Event "Ludwigshafen-ch 12th"]
[Site "Ludwigshafen"]
[Date "1998.??.??"]
[Round "5"]
[White "Blank, Walter"]
[Black "Weihrauch, Guenter"]
[Result "1-0"]
[WhiteElo "989"]
[BlackElo "1089"]
[PlyCount "71"]
[EventDate "1998.??.??"]
[EventType "swiss"]
[EventRounds "7"]
[EventCountry "GER"]
[SourceTitle "EXT 2001"]
[Source "ChessBase"]
[SourceDate "2000.11.22"]
[SourceVersion "1"]
[SourceVersionDate "2000.11.22"]
[SourceQuality "1"]

1. e4 e5 2. Nf3 Nc6 3. Bb5 Nb8 4. Nxe5 c6 5. Bc4 Qe7 6. d4 d5 7. exd5 Nf6 8. dxc6 b6 9. Bg5 Be6 10. d5 h6 11. d6 Qd8 12. c7 Qc8 13. d7+ Nbxd7 14. Ng6 Rh7 15. Qe2 Qb7 16. Nxf8 Qxg2 17. Nxe6 Qxh1+ 18. Qf1 Qe4+ 19. Kd2 hxg5 20. Nc3 Qc6 21. Re1 Qd6+ 22. Nd5 Nxd5 23. Nxg5+ Kf8 24. Nxh7+ Kg8 25. Qd3 Qb4+ 26. c3 Qxb2+ 27. Qc2 Qa3 28. Bxd5 Qd6 29. c4 Rc8 30. Qd3 Qb4+ 31. Qc3 Qd6 32. Qd3 Qh6+ 33. Re3 Qd6 34. Ng5 Qf4 35. Bxf7+ Kf8 36. Ne6+ 1-0

[Event "Ludwigshafen-ch 12th"]
[Site "Ludwigshafen"]
[Date "1998.??.??"]
[Round "1"]
[White "Lohmueller, Franz"]
[Black "Weihrauch, Guenter"]
[Result "1-0"]
[WhiteElo "1818"]
[BlackElo "1089"]
[PlyCount "69"]
[EventDate "1998.??.??"]
[EventType "swiss"]
[EventRounds "7"]
[EventCountry "GER"]
[SourceTitle "EXT 2001"]
[Source "ChessBase"]
[SourceDate "2000.11.22"]
[SourceVersion "1"]
[SourceVersionDate "2000.11.22"]
[SourceQuality "1"]

1. d4 d5 2. Nf3 Nc6 3. Bf4 e6 4. Nbd2 Bb4 5. c3 Bd6 6. Ne5 Qf6 7. Nxc6 Bxf4 8. Nb4 Bd7 9. e3 Bd6 10. Nd3 Nh6 11. Nf3 0-0 12. Nde5 Bxe5 13. Nxe5 Bc6 14. Qh5 Be8 15. Bd3 Qe7 16. g4 f6 17. Qh4 Qd6 18. Nf3 f5 19. g5 Ng4 20. h3 Nxe3 21. fxe3 Bg6 22. Ne5 Kh8 23. Nxg6+ Kg8 24. Nxf8 Rxf8 25. Rf1 Qb6 26. 0-0-0 c5 27. dxc5 Qxc5 28. Qd4 Qe7 29. h4 Qf7 30. c4 Rc8 31. Kb1 a5 32. cxd5 Qd7 33. dxe6 Qe7 34. Qd7 Qxd7 35. exd7 1-0